Jugadores del FC Barcelona 25/26 con imágenes - Estadísticas

Estadísticas generales
  • Esta prueba ha sido intentada 107 veces
  • La puntuación promedio es 22 de 24
Estadísticas de respuestas
Imagen Respuesta % Correcto
Gavi
99%
Pedri
99%
Lamine Yamal
98%
Pau Cubarsí
98%
Ter Stegen
98%
Alejandro Balde
96%
Dani Olmo
96%
Fermín López
95%
Ferrán Torres
95%
Joan García
95%
Jules Koundé
95%
Raphinha
95%
Ronald Araújo
94%
Eric García
93%
Frenkie De Jong
93%
Hansi Flick
93%
Robert Lewandowski
91%
Marc Casadó
90%
Marcus Rashford
89%
Andreas Christensen
88%
Marc Bernal
83%
Wojciech Szczesny
81%
Gerrard Martín
77%
Roony Bardghji
59%
No se encontraron pruebas coincidentes
Distribución de puntuación
Porcentaje de gente con cada puntuación
Porcentaje por número respondido
Historial de tus puntuaciones
No has intentado esta prueba.